[Event "34th Chess Olympiad (men)"]
[Site "Istanbul"]
[Date "2000.10.28"]
[Round "1.22.2"]
[White "Pelletier, Yannick"]
[Black "Khatib, Kamel"]
[WhiteElo "2474"]
[BlackElo "2000"]
[WhiteCountry "SUI"]
[BlackCountry "SYR"]
[Result "1-0"]

1. Nf3 Nf6 2. c4 e6 3. Nc3 d5 4. d4 Be7 5. Bf4 O-O 6. e3 c5 7. dc5 Bc5 
8. cd5 ed5 9. Be2 Nc6 10. O-O a6 11. Ne5 Re8 12. Nc6 bc6 13. Rc1 Bd6 
14. Bd6 Qd6 15. Na4 Rb8 16. Qc2 Re4 17. b3 Rh4 18. g3 Rhb4 19. Rfd1 a5 
20. Qc5 Qc5 21. Rc5 Ra8 22. Rd4 Bd7 23. Ra5 Ra5 24. Rb4 Kf8 25. Bd1 c5 
26. Rb7 Ba4 27. ba4 Ne4 28. Rb5 Ra8 29. Bc2 Rc8 30. Be4 de4 31. Kf1 c4 
32. Ke2 c3 33. Kd1 Rd8+ 34. Kc2 Rd2+ 35. Kc3 Ra2 36. Kb3 Rf2 37. a5 Rf6 
38. Re5 Rh6 39. Re4 Rh2 40. a6 Rh6 41. a7 Rb6+ 42. Rb4 
1-0

[Event "34th Chess Olympiad (men)"]
[Site "Istanbul"]
[Date "2000.10.28"]
[Round "1.22.4"]
[White "Hug, Werner"]
[Black "Alnashed, Kamal"]
[WhiteElo "2465"]
[BlackElo "2000"]
[WhiteCountry "SUI"]
[BlackCountry "SYR"]
[Result "1-0"]

1. d4 d6 2. Nf3 g6 3. c3 Nf6 4. Bg5 Nbd7 5. Nbd2 Bg7 6. e4 e5 7. Bd3 O-O 
8. O-O c6 9. a4 Qc7 10. Re1 Re8 11. Bf1 Nf8 12. de5 de5 13. Nc4 Bg4 14. h3 Rad8 
15. Qe2 Bf3 16. Qf3 Qe7 17. b4 Ne6 18. Be3 c5 19. b5 Nd7 20. a5 Nb8 21. g3 Ng5 
22. Qg4 Bf6 23. Bc1 Qe6 24. Kg2 h5 25. Qe6 Ne6 26. Ne3 Rd7 27. Bc4 Bd8 
28. h4 Kg7 29. Ra2 Be7 30. Nd5 Bd6 31. Ra4 Be7 32. Be3 Bd6 33. Bc1 Be7 
34. Ne3 Bf8 35. Re2 Kf6 36. a6 ba6 37. ba6 Rc8 38. Rb2 Kg7 39. Bd5 Nc7 
40. Bc4 Ne8 41. Bb5 Rdd8 42. Nc4 Kf6 43. Be8 Re8 44. Rb7 Nc6 45. Ra2 Red8 
46. Rd2 Rd2 47. Bd2 
1-0

[Event "34th Chess Olympiad (men)"]
[Site "Istanbul"]
[Date "2000.10.28"]
[Round "1.23.2"]
[White "Crosa, Martin"]
[Black "Kazhgaleyev, Murtas"]
[WhiteElo "2242"]
[BlackElo "2526"]
[WhiteCountry "URU"]
[BlackCountry "KAZ"]
[Result "0-1"]

1. e4 c5 2. Nf3 d6 3. d4 cxd4 4. Nxd4 Nf6 5. Nc3 g6 6. Be3 Bg7 7. f3 Nc6 
8. Qd2 Bd7 9. O-O-O Rc8 10. g4 Ne5 11. Kb1 O-O 12. h4 h5 13. g5 Nh7 14. f4 Ng4 
15. Be2 Nxe3 16. Qxe3 e5 
0-1

[Event "34th Chess Olympiad (men)"]
[Site "Istanbul"]
[Date "2000.10.28"]
[Round "1.23.4"]
[White "Cukerman, Diego"]
[Black "Temirbaev, Serik"]
[WhiteElo "2000"]
[BlackElo "2445"]
[WhiteCountry "URU"]
[BlackCountry "KAZ"]
[Result "0-1"]

1. e4 e6 2. d4 d5 3. exd5 exd5 4. Bd3 Nc6 5. c3 Bd6 6. Nf3 Bg4 7. O-O Nge7 
8. Re1 Qd7 9. Nbd2 O-O 10. h3 Bf5 11. Nf1 Rfe8 12. Ne3 Bg6 13. Ng4 Nf5 
14. Nge5 Nxe5 15. Nxe5 Bxe5 16. dxe5 Ne7 17. Bf4 a6 18. Bg3 Qe6 19. Bxg6 hxg6 
20. Qb3 b6 21. Rad1 c6 22. Qb4 c5 23. Qg4 Nf5 24. Bf4 Red8 25. Bg5 Rd7 
26. Qf3 Re8 27. g4 Ne7 28. Qe2 Nc6 29. Qxa6 Nxe5 30. Qe2 f6 31. Bf4 Qc6 
32. Bxe5 fxe5 33. Qf3 e4 34. Qe3 Qd6 35. Rd2 Ree7 36. Red1 Qe5 37. Kg2 Kh7 
38. Qg3 g5 39. h4 Qxg3+ 40. Kxg3 gxh4+ 41. Kxh4 Re5 42. Kg3 Kg6 43. Kf4 Rg5 
44. Ke3 Kf6 45. f3 exf3 46. Kxf3 Re5 47. Rd3 Ke6 48. R1d2 Rf7+ 49. Kg3 Rf1 
50. Kg2 Rf4 51. Kg3 Rf1 52. Kg2 Rfe1 53. Kf3 Ra1 54. a3 Rf1+ 55. Kg2 Rf4 
56. Kg3 Rfe4 57. Kf3 
0-1

[Event "34th Chess Olympiad (men)"]
[Site "Istanbul"]
[Date "2000.10.28"]
[Round "1.24.1"]
[White "Matthews, Shane"]
[Black "Arencibia, Walter"]
[WhiteElo "2258"]
[BlackElo "2513"]
[WhiteCountry "JAM"]
[BlackCountry "CUB"]
[Result "0-1"]

1. e4 c5 2. Nf3 d6 3. d4 cd4 4. Nd4 Nf6 5. Nc3 a6 6. f3 e6 7. Be3 b5 
8. Qd2 Nbd7 9. g4 Nb6 10. g5 Nfd7 11. O-O-O Bb7 12. Bd3 Ne5 13. Kb1 Nbc4 
14. Qe2 Ne3 15. Qe3 b4 16. Nce2 Qb6 17. f4 Nd7 18. Qh3 g6 19. Rhf1 Bg7 
20. Ne6 fe6 21. Qe6+ Kd8 22. Qf7 Bf8 23. e5 Be7 24. ed6 Bd6 25. Nd4 Kc8 
26. Bc4 Nc5 27. Qg7 Rf8 28. Qh7 Bg2 29. Rfe1 Bf4 30. Re7 Bg5 31. Re5 Bf6 
32. Qg6 Ra7 33. Re8+ Re8 34. Qe8+ Qd8 35. Qd8+ Bd8 36. Nc6 Bc6 
0-1

[Event "34th Chess Olympiad (men)"]
[Site "Istanbul"]
[Date "2000.10.28"]
[Round "1.26.4"]
[White "Cramling, Pia (gm)"]
[Black "Mbambara, Tizenge"]
[WhiteElo "2484"]
[BlackElo "2122"]
[WhiteCountry "SWE"]
[BlackCountry "ZAM"]
[Result "1/2-1/2"]

1. d4 d5 2. Nf3 Nf6 3. c4 c6 4. e3 e6 5. Nbd2 Nbd7 6. b3 Bb4 7. Bb2 Ne4 
8. Bd3 f5 9. O-O O-O 10. a3 Bd6 11. b4 Qf6 12. Qe2 g5 13. Ne1 Qh6 14. g3 Ndf6 
15. f3 Nd2 16. Qd2 g4 17. Ng2 Bd7 18. fg4 Ng4 19. Nf4 Kh8 20. Rae1 Rg8 
21. Rf3 Rae8 22. Re2 Re7 23. Bc3 Be8 24. Rg2 Nf6 25. Rf1 Bd7 26. Qc1 Reg7 
27. Rf3 Ng4 28. Qe1 Be8 29. Rf1 Bf7 30. Bb2 Qg5 31. Bc1 Qd8 32. Bb2 h5 
33. h4 Nf6 34. c5 Bc7 35. a4 Ng4 36. Bc2 Qd7 37. Bd3 Nf6 38. Rf3 Ne4 
39. Be4 fe4 40. Rf1 Rg4 41. Bc3 Bf4 42. Rf4 Rf4 43. gf4 Rg2+ 44. Kg2 a6 
45. Qg3 Kh7 46. Qg5 Bg6 47. f5 ef5 48. Be1 f4 49. Qf4 Qf5 50. Bg3 Qf4 
51. Bf4 Kg7 52. Be5+ Kf7 53. Kg3 Ke6 54. Kf4 Bf5 
1/2-1/2

[Event "34th Chess Olympiad (men)"]
[Site "Istanbul"]
[Date "2000.10.28"]
[Round "1.27.1"]
[White "Timoscenko, Genadij"]
[Black "Nsubuga, Grace"]
[WhiteElo "2529"]
[BlackElo "2259"]
[WhiteCountry "SVK"]
[BlackCountry "UGA"]
[Result "1-0"]

1. Nf3 Nf6 2. c4 e6 3. Nc3 Bb4 4. Qc2 O-O 5. a3 Bc3 6. Qc3 c5 7. g3 b6 
8. Bg2 Bb7 9. O-O d5 10. cd5 Nd5 11. Qc2 Nc6 12. b3 Rc8 13. Bb2 f6 14. e3 Qd6 
15. Rfd1 Na5 16. d3 b5 17. Rab1 Ne7 18. Ba1 Bd5 19. e4 Ba8 20. b4 cb4 
21. Qd2 Nac6 22. ab4 e5 23. d4 Nd4 24. Nd4 ed4 25. Qd4 Qd4 26. Bd4 Rc7 
27. Bc5 Re8 28. Ra1 Nc8 29. Rd4 Kf7 30. f3 Bc6 31. Bh3 Nb6 32. Bb6 ab6 
33. Rc1 Ree7 34. Rd6 Be8 35. Be6+ Kg6 36. Rc7 Rc7 37. Rb6 Rc3 38. Kg2 Rc2+ 
39. Kh3 Rb2 40. Rb8 Bc6 41. Rb6 Be8 42. Rb8 Bc6 43. Rc8 Rc2 44. g4 Be4 45. Bf5+ 
1-0

[Event "34th Chess Olympiad (men)"]
[Site "Istanbul"]
[Date "2000.10.28"]
[Round "1.27.2"]
[White "Opio, Steven"]
[Black "Mrva, Martin"]
[WhiteElo "2185"]
[BlackElo "2468"]
[WhiteCountry "UGA"]
[BlackCountry "SVK"]
[Result "0-1"]

1. d4 Nf6 2. c4 g6 3. Nc3 Bg7 4. e4 d6 5. Bd3 O-O 6. Nge2 e5 7. d5 Nh5 
8. O-O Qh4 9. Rb1 a5 10. f3 f5 11. Qe1 Qe7 12. exf5 gxf5 13. f4 Na6 
14. Ng3 Nxg3 15. Qxg3 e4 16. Bc2 Nb4 17. Bd1 Rf6 18. Qh4 Re6 19. Qxe7 Bd4+ 
20. Kh1 Rxe7 21. Be2 Nc2 22. Bd2 e3 23. Be1 Nxe1 24. Rfxe1 Bd7 25. Nb5 Bb6 
26. Rbd1 Kg7 27. Rd3 Kf6 28. g3 Rg8 29. Rb3 h5 30. Nxd6 a4 31. Rxb6 cxb6 
32. Nxb7 h4 33. gxh4 Re4 34. c5 Rxf4 35. c6 Bc8 36. Nd6 Ke5 37. Nxc8 Rxc8 
38. Ba6 Rc7 39. Rxe3+ Kxd5 40. Bb7 Rxh4 41. b3 Re4 42. Rf3 f4 43. bxa4 Rxa4 
44. Rd3+ Rd4 45. Rb3 Kc5 46. Rf3 Kd6 47. Rf2 Rg7 48. h3 Kc7 49. Kh2 b5 
50. Rc2 f3 51. Ba6 Rg5 52. Rf2 Ra4 53. Bb7 Rg2+ 54. Rxg2 fxg2 55. Kxg2 Rxa2+ 
56. Kf3 b4 57. Ke3 b3 
0-1

[Event "34th Chess Olympiad (men)"]
[Site "Istanbul"]
[Date "2000.10.28"]
[Round "1.27.3"]
[White "Markos, Jan"]
[Black "Bibasa, Bob"]
[WhiteElo "2327"]
[BlackElo "2226"]
[WhiteCountry "SVK"]
[BlackCountry "UGA"]
[Result "1-0"]

1. d4 f5 2. g3 Nf6 3. Bg2 g6 4. Nh3 Bg7 5. Nf4 O-O 6. Nc3 c6 7. h4 e5 
8. dxe5 Ng4 9. h5 Qe8 10. hxg6 hxg6 11. Qd6 Nxe5 12. Ncd5 cxd5 13. Bxd5+ Rf7 
14. Nxg6 Nbc6 15. Bh6 Nf3+ 16. Bxf3 Bxb2 17. Rd1 Nd8 18. Nf4 Rf6 19. Qd5+ Nf7 
20. Bh5 Bc3+ 21. Kf1 Qe5 22. Rd3 Qxd5 23. Nxd5 Nxh6 24. Rxc3 Rf8 25. Rc7 Kg7 
26. Rh4 b5 27. Bf3 Rd8 28. Nf4 Rb8 29. Ne6+ Kf7 30. f3 Bc6 31. Bh3 Nb6 
32. Bb6 ab6 33. Rc1 Ree7 34. Rd6 Be8 35. Be6+ Kg6 36. Rc7 Rc7 37. Rb6 Rc3 
38. Kg2 Rc2+ 39. Kh3 Rb2 40. Rb8 Bc6 41. Rb6 Be8 42. Rb8 Bc6 43. Rc8 Rc2 
44. g4 Be4 45. Bf5+ 
1-0

[Event "34th Chess Olympiad (men)"]
[Site "Istanbul"]
[Date "2000.10.28"]
[Round "1.29.2"]
[White "Doghri, Nabil"]
[Black "Ilincic, Zlatko"]
[WhiteElo "2342"]
[BlackElo "2563"]
[WhiteCountry "TUN"]
[BlackCountry "YUG"]
[Result "1-0"]

1. e4 c5 2. Nf3 d6 3. d4 cxd4 4. Nxd4 Nf6 5. Nc3 a6 6. Bc4 e6 7. Bb3 b5 
8. Qf3 Qb6 9. Be3 Qb7 10. O-O-O Nbd7 11. Rhe1 Be7 12. Qg3 b4 13. Nf5 bxc3 
14. Nxe7 cxb2+ 15. Kb1 Nxe4 16. Qxg7 Rf8 17. Nd5 a5 18. Bh6 a4 19. Rxe4 axb3 
20. Rxe6+ Kd8 21. Bg5+ 
1-0

[Event "34th Chess Olympiad (men)"]
[Site "Istanbul"]
[Date "2000.10.28"]
[Round "1.29.4"]
[White "Jday, Wassim"]
[Black "Solak, Dragan"]
[WhiteElo "2000"]
[BlackElo "2490"]
[WhiteCountry "TUN"]
[BlackCountry "YUG"]
[Result "0-1"]

1. e4 c5 2. Nf3 e6 3. d4 cd4 4. Nd4 a6 5. Be2 b5 6. O-O Bb7 7. Bf3 Qc7 
8. g3 Nc6 9. Bf4 Ne5 10. Bg2 Nf6 11. Nd2 d6 12. c3 Nd3 13. Qc2 Nf4 14. gf4 e5 
15. Ne2 Be7 16. Kh1 O-O 17. Qd3 Rad8 18. Qh3 Rfe8 19. Rg1 Bf8 20. f5 d5 
21. Ng3 b4 22. Rac1 Qb6 23. Nh5 Ne4 24. Ne4 de4 25. cb4 Rd2 26. Qg4 Rf2 
27. Be4 g6 28. Nf6+ Qf6 29. Bb7 e4 30. fg6 hg6 31. Bc6 Qb2 32. Qh5 Bg7 
33. Qh4 Be5 34. Qf2 Qf2 35. Rg2 Qf4 
0-1

[Event "34th Chess Olympiad (men)"]
[Site "Istanbul"]
[Date "2000.10.28"]
[Round "1.30.4"]
[White "Ganguly, Surya Shekhar"]
[Black "Borg, Andrew"]
[WhiteElo "2498"]
[BlackElo "2132"]
[WhiteCountry "IND"]
[BlackCountry "MLT"]
[Result "1-0"]

1. e4 c5 2. Nf3 Nc6 3. d4 cd4 4. Nd4 g6 5. c4 Nf6 6. Nc3 d6 7. f3 Nd4 
8. Qd4 Bg7 9. Be3 O-O 10. Qd2 Qa5 11. Rc1 Be6 12. b3 Rfc8 13. Be2 a6 
14. Na4 Qd2+ 15. Kd2 Nd7 16. g4 f5 17. gf5 gf5 18. Rhg1 Kh8 19. ef5 Bf5 
20. f4 Bf6 21. Bf3 Rc7 22. Nc3 e6 23. Ne4 Be4 24. Be4 Nc5 25. Bf3 a5 
26. Ke2 Rd8 27. Rgd1 b6 28. Rd2 e5 29. Rcd1 ef4 30. Bf4 Re8+ 31. Kf1 Be5 
32. Be5+ de5 33. Rd8 Ree7 34. Ke2+ Kg7 35. Ke3 Re6 36. h4 Rce7 37. Bg4 Rb7 
1-0

[Event "34th Chess Olympiad (men)"]
[Site "Istanbul"]
[Date "2000.10.28"]
[Round "1.32.3"]
[White "Mamombe, Kudzanai"]
[Black "Grigore, George"]
[WhiteElo "2147"]
[BlackElo "2508"]
[WhiteCountry "ZIM"]
[BlackCountry "ROM"]
[Result "0-1"]

1. e4 c5 2. Nf3 Nc6 3. d4 cxd4 4. Nxd4 e5 5. Nb5 d6 6. N1c3 a6 7. Na3 Be6 
8. Nc4 b5 9. Ne3 Nf6 10. Bd3 g6 11. Ned5 Bxd5 12. exd5 Ne7 13. Bg5 Bg7 
14. Qf3 Nh5 15. g4 Nf4 16. Bxf4 exf4 17. Qxf4 O-O 18. Qf3 Qa5 19. O-O Bxc3 
20. bxc3 Qxc3 21. a4 b4 22. Rae1 Ra7 23. Re4 Nxd5 24. Rc4 Qe5 25. Be4 Nc3 
26. Rxb4 Qc5 27. Rb3 Rc7 28. Bd3 a5 29. Ra1 Re8 30. Kg2 d5 31. h4 Qd4 
32. Raa3 Ne4 33. Rb5 Rc6 34. g5 Nc5 35. Qg3 Ne6 36. Rab3 Nf4+ 37. Kh2 Nh5 
38. Rb8 Rce6 39. Rxe8+ Rxe8 40. Rb8 Nxg3 41. Rxe8+ Kg7 42. Kxg3 Qxa4 
43. Ra8 Qb4 44. f4 h6 45. f5 Qe1+ 46. Kh3 Qe3+ 47. Kh2 gxf5 48. gxh6+ Qxh6 
49. Kh3 Qe3+ 50. Kg2 f4 51. Kf1 Qh3+ 52. Ke2 Qg2+ 53. Kd1 f3 
0-1

[Event "34th Chess Olympiad (men)"]
[Site "Istanbul"]
[Date "2000.10.28"]
[Round "1.32.4"]
[White "Ionescu, Constantin"]
[Black "Kachere, Clever"]
[WhiteElo "2492"]
[BlackElo "2000"]
[WhiteCountry "ROM"]
[BlackCountry "ZIM"]
[Result "1-0"]

1. Nf3 d5 2. c4 e6 3. b3 Nf6 4. g3 Be7 5. Bg2 O-O 6. O-O b6 7. Bb2 Bb7 
8. cxd5 exd5 9. Qc2 Nbd7 10. Nc3 c5 11. d4 Rc8 12. Rac1 Ne4 13. Qb1 Ndf6 
14. Rfd1 c4 15. Ne5 cxb3 16. axb3 Bb4 17. Nb5 a6 18. Rxc8 Qxc8 19. Nd3 Be7 
20. Rc1 Qe6 21. Nf4 Qd7 22. Rc7 Qxb5 23. Rxe7 Bc8 24. Qd1 Bd7 25. f3 Ng5 
26. Nd3 Bf5 27. Ne5 h6 28. g4 Bh7 29. Bf1 Qb4 30. Rc7 Ne6 31. Rc6 Rb8 32. e3 a5 
33. Rc3 a4 34. Nc6 Qf8 35. Nxb8 Qxb8 36. bxa4 g5 37. Qc1 Kg7 38. Rc8 Qd6 
39. Ba3 Qd7 40. Qc6 Qxc6 41. Rxc6 h5 42. h3 hxg4 43. fxg4 
1-0

[Event "34th Chess Olympiad (men)"]
[Site "Istanbul"]
[Date "2000.10.28"]
[Round "1.33.3"]
[White "Hansen, Lars"]
[Black "Santa, Luis A"]
[WhiteElo "2562"]
[BlackElo "2201"]
[WhiteCountry "DEN"]
[BlackCountry "PUR"]
[Result "1-0"]

1. d4 Nf6 2. Nf3 d5 3. c4 c6 4. Nc3 dxc4 5. a4 Bf5 6. e3 e6 7. Bxc4 Bb4 
8. O-O Nfd7 9. Ne2 Nf6 10. Ne5 Nd5 11. f3 Bd3 12. Nxd3 Ba5 13. e4 Nd7 
14. Bf4 Bc7 15. Qc1 O-O 16. b4 Rc8 17. Ra2 Qe7 18. Rc2 a6 19. Nc5 Nxc5 
20. bxc5 Bxf4 21. Qxf4 Rc7 22. Rb1 f6 23. Qe3 Rf7 24. Qb3 Rd7 25. Qc4 
1-0

[Event "34th Chess Olympiad (men)"]
[Site "Istanbul"]
[Date "2000.10.28"]
[Round "1.33.4"]
[White "Montalvo, Alejandro"]
[Black "Pedersen, Steffen"]
[WhiteElo "2222"]
[BlackElo "2464"]
[WhiteCountry "PUR"]
[BlackCountry "DEN"]
[Result "0-1"]

1. d4 Nf6 2. c4 g6 3. f3 c5 4. d5 d6 5. Nc3 Bg7 6. e4 O-O 7. Nge2 a6 8. a4 e6 
9. Ng3 exd5 10. cxd5 h5 11. Be2 Re8 12. Nf1 Nbd7 13. Nd2 Ne5 14. O-O h4 
15. f4 Neg4 16. Nc4 Nxe4 17. Bxg4 Bd4+ 18. Be3 Bxe3+ 19. Nxe3 Nxc3 20. Qd3 Ne4 
21. Be6 Bxe6 22. f5 Bxf5 23. Nxf5 Qg5 24. Qh3 Re5 25. Nxh4 Nd2 26. Rfd1 Rae8 
27. Qd3 Qxh4 28. Qxd2 Re2 29. Qc3 Qf2+ 
0-1

[Event "34th Chess Olympiad (men)"]
[Site "Istanbul"]
[Date "2000.10.28"]
[Round "1.34.1"]
[White "Watanabe, Akira"]
[Black "Gunawan, Ruben"]
[WhiteElo "2374"]
[BlackElo "2503"]
[WhiteCountry "JPN"]
[BlackCountry "INA"]
[Result "1-0"]

1. d4 Nf6 2. c4 e6 3. Nc3 Bb4 4. e3 c5 5. Bd3 O-O 6. Nge2 cxd4 7. exd4 d5 
8. cxd5 Nxd5 9. O-O Nc6 10. Bb1 Re8 11. Qd3 g6 12. Qf3 Bf8 13. Be4 Nce7 
14. Bg5 Qb6 15. h4 h6 16. Be3 Bg7 17. Bxd5 Nxd5 18. Nxd5 exd5 19. Nf4 Bf5 
20. Nxd5 Qd8 21. Nc3 b5 22. h5 b4 23. hxg6 fxg6 24. Ne2 Qd7 25. Nf4 Be4 
26. Qg3 Kh7 27. Rad1 Qf5 28. Qh3 Qf7 29. b3 a5 30. d5 Bf5 31. Qf3 Be4 
32. Qh3 Bf5 33. Qf3 Bc2 34. Rc1 Be4 35. Qh3 Bf5 36. g4 Bc8 37. Rc6 Re4 
38. Rfc1 Bd7 39. Ne6 Kg8 40. Rc7 Be5 41. Rb7 Bc3 42. Bxh6 Re8 43. Rd1 Re2 
44. Be3 Rxa2 45. Nc5 Rd8 46. Nxd7 Ra1 47. Rxa1 Qxd5 48. Nf6+ 
1-0

[Event "34th Chess Olympiad (men)"]
[Site "Istanbul"]
[Date "2000.10.28"]
[Round "1.34.3"]
[White "Tanaka, Yuuki"]
[Black "Barus, Cerdas"]
[WhiteElo "2126"]
[BlackElo "2435"]
[WhiteCountry "JPN"]
[BlackCountry "INA"]
[Result "1-0"]

1. c4 e5 2. Nc3 Nf6 3. Nf3 Nc6 4. g3 Bb4 5. Bg2 O-O 6. O-O Re8 7. Nd5 Bf8 
8. d3 h6 9. Rb1 a5 10. a3 e4 11. Nxf6+ Qxf6 12. dxe4 Rxe4 13. b3 Re8 
14. Bb2 Qe6 15. e3 a4 16. Nd4 Nxd4 17. exd4 axb3 18. Qxb3 Ra6 19. d5 Qb6 
20. Qd3 Qa5 21. Be4 d6 22. Rbe1 Qa4 23. Re3 Bd7 24. Ree1 Raa8 25. Qc3 Qa5 
26. Qxa5 Rxa5 27. Bh7+ Kxh7 28. Rxe8 Bxe8 
1-0

[Event "34th Chess Olympiad (men)"]
[Site "Istanbul"]
[Date "2000.10.28"]
[Round "1.36.4"]
[White "Bancod, Ronald"]
[Black "Kromhout, Ewan"]
[WhiteElo "2364"]
[BlackElo "2000"]
[WhiteCountry "PHI"]
[BlackCountry "RSA"]
[Result "1-0"]

1. e4 c5 2. Nf3 e6 3. d3 Nc6 4. g3 g6 5. Bg2 Bg7 6. O-O Nge7 7. c3 d5 
8. Re1 dxe4 9. dxe4 Qxd1 10. Rxd1 b6 11. Na3 Ba6 12. Bf4 h6 13. Bf1 Bxf1 
14. Kxf1 O-O 15. Rd7 Rfd8 16. Rd6 Rd7 17. Rxd7 Rd8 18. Rc7 g5 19. Be3 Rc8 
20. Rd7 Rd8 21. Rxd8+ Nxd8 22. Ke2 Ndc6 23. h4 g4 24. Nd2 Ng6 25. Nac4 Bf8 
26. a4 h5 27. Nb1 Nge5 28. Nba3 Nxc4 29. Nxc4 f6 30. Bf4 Kf7 31. Kd3 Ke7 
32. f3 gxf3 33. Nd2 f2 34. Ke2 f1 35. Kxf1 f5 36. Ke2 Kd7 37. Nc4 Be7 
38. Kd3 Bf8 39. Ne3 fxe4+ 40. Kxe4 Be7 41. Nc4 Bf6 42. Be5 Nxe5 43. Nxe5+ Kd6 
44. Nd3 e5 45. Kf5 c4 46. Nf2 Be7 47. g4 hxg4 48. h5 Bf8 49. Nxg4 b5 
50. axb5 Kc5 51. h6 Bxh6 52. Nxh6 Kxb5 53. Kxe5 Ka4 54. Nf5+ Kb3 55. Kd4 Kxb2 
56. Kxc4 a5 57. Nd4 a4 
1-0

[Event "34th Chess Olympiad (men)"]
[Site "Istanbul"]
[Date "2000.10.28"]
[Round "1.37.2"]
[White "Kayle, Charles"]
[Black "Sanduleac, Vasile"]
[WhiteElo "2097"]
[BlackElo "2438"]
[WhiteCountry "PLE"]
[BlackCountry "MDA"]
[Result "0-1"]

1. d4 d5 2. c4 c6 3. cd5 cd5 4. Nc3 Nf6 5. Nf3 Nc6 6. Bf4 a6 7. e3 Bg4 
8. Bd3 Bf3 9. Qf3 e6 10. O-O Be7 11. Rac1 O-O 12. a3 Rc8 13. Na4 Nd7 14. b4 a5 
15. b5 Na7 16. Rc8 Nc8 17. Ra1 Ncb6 18. Nb6 Nb6 19. Qd1 Bd6 20. Bd6 Qd6 
21. g3 g6 22. Rc1 Qa3 23. Kg2 Rc8 24. Rc8+ Nc8 25. h4 Qc3 26. h5 Kg7 27. g4 Nb6 
28. g5 Qc7 29. hg6 hg6 30. Qg4 Nd7 31. Qh4 Nf8 32. Qh6+ Kg8 33. Qh1 b6 
34. Qb1 e5 35. Qc2 Qc2 36. Bc2 ed4 37. ed4 Ne6 38. Bb3 Kf8 39. Kg3 Ng5 
40. Kf4 f6 41. Bd5 Ke7 42. Bb3 Kd6 43. Ke3 Ne6 44. Ke4 f5+ 45. Kd3 Nf4+ 
46. Kd2 g5 47. Ke3 Nd5+ 48. Kd3 g4 49. Bc4 a4 50. Kd2 f4 51. Kc1 g3 52. fg3 fg3 
53. Bf1 Ne3 54. Bh3 g2 55. Bg2 Ng2 56. Kb2 Kd5 
0-1

[Event "34th Chess Olympiad (men)"]
[Site "Istanbul"]
[Date "2000.10.28"]
[Round "1.39.1"]
[White "Moldobaev, Emelbek"]
[Black "Mueller, Leonhard"]
[WhiteElo "2404"]
[BlackElo "2249"]
[WhiteCountry "KGZ"]
[BlackCountry "NAM"]
[Result "1-0"]

1. Nf3 g6 2. d4 Nf6 3. c4 Bg7 4. g3 c5 5. Bg2 Qa5+ 6. Nc3 Ne4 7. Qd3 cxd4 
8. Nxd4 Nc5 9. Qd1 Nc6 10. e3 Ne6 11. Nde2 O-O 12. O-O d6 13. Bd2 Bd7 14. b3 a6 
15. Rb1 Rfc8 16. a4 Qd8 17. Nd5 a5 18. Bc3 Bxc3 19. Nexc3 Nc5 20. Qd2 Be6 
21. e4 Ne5 22. f4 Ned7 23. Kh1 Nf8 24. h3 Nfd7 25. Kh2 Nb8 26. Ne3 Nc6 
27. h4 Qf8 28. Rf2 Qg7 29. f5 Bd7 30. Ncd5 Rd8 31. f6 Qf8 32. fxe7 Nxe7 
33. Nf6+ Kg7 34. Qc3 Kh6 35. Neg4+ Bxg4 36. Nxg4+ Kh5 37. Qf6 Ne6 38. Bf3 Ng8 
39. Ne3+ Kh6 40. Nf5+ 
1-0

[Event "34th Chess Olympiad (men)"]
[Site "Istanbul"]
[Date "2000.10.28"]
[Round "1.39.2"]
[White "Oberholzer, Rex"]
[Black "Magai, Vladimir"]
[WhiteElo "2200"]
[BlackElo "2546"]
[WhiteCountry "NAM"]
[BlackCountry "KGZ"]
[Result "0-1"]

1. e4 e5 2. Nf3 Nc6 3. Bb5 a6 4. Ba4 Nf6 5. O-O b5 6. Bb3 Bc5 7. c3 d6 
8. d4 Bb6 9. h3 Bb7 10. Re1 O-O 11. Bg5 h6 12. dxe5 Nxe5 13. Bxf6 Qxf6 
14. Qe2 Ng6 15. g3 Rae8 16. Nbd2 Re7 17. Qf1 Bxe4 18. Nd4 Bb7 19. Rxe7 Nxe7 
20. Qd3 c5 21. N2f3 c4 22. Bxc4 Nc6 23. Rd1 Ne5 24. Nxe5 dxe5 25. Nf5 Qc6 
26. Kf1 
0-1

[Event "34th Chess Olympiad (men)"]
[Site "Istanbul"]
[Date "2000.10.28"]
[Round "1.39.4"]
[White "Hanemaaijer, Teunis"]
[Black "Inarkiev, Ernesto"]
[WhiteElo "2000"]
[BlackElo "2432"]
[WhiteCountry "NAM"]
[BlackCountry "KGZ"]
[Result "0-1"]

1. e4 c5 2. Nc3 Nc6 3. Nf3 g6 4. Bc4 Bg7 5. O-O e6 6. Re1 d6 7. d3 Nge7 
8. Bg5 h6 9. Bf4 O-O 10. Qd2 Kh7 11. Nb5 e5 12. Be3 Nd4 13. Bxd4 cxd4 14. c3 a6 
15. Na3 dxc3 16. bxc3 Bg4 17. Nc2 f5 18. Be6 Rf6 19. exf5 Bxf3 20. gxf3 Nxf5 
21. Bxf5 Rxf5 22. Kg2 Qh4 23. Re4 Rg5+ 24. Kh1 Qh3 25. Rg4 Qxf3+ 
0-1

[Event "34th Chess Olympiad (men)"]
[Site "Istanbul"]
[Date "2000.10.28"]
[Round "1.40.2"]
[White "Slapikas, Vytautas"]
[Black "Hawes, Jonathan"]
[WhiteElo "2430"]
[BlackElo "2113"]
[WhiteCountry "LTU"]
[BlackCountry "JCI"]
[Result "1-0"]

1. e4 e6 2. d4 d5 3. Nd2 Nf6 4. Bd3 de4 5. Ne4 Nbd7 6. Nf3 Be7 7. O-O Ne4 
8. Be4 Nf6 9. Bd3 O-O 10. Qe2 b6 11. Rd1 Bb7 12. c4 Re8 13. Ne5 Qc8 14. b3 Bf8 
15. Bg5 Be7 16. Bc2 g6 17. Qe3 Nd7 18. Bh6 Ne5 19. de5 Rd8 20. Be4 Rb8 
21. g3 Rd1+ 22. Rd1 Be4 23. Qe4 Qe8 24. h4 Rd8 25. Rd8 Qd8 26. Qc6 Qc8 
27. Kg2 Bf8 28. Bg5 Bc5 29. g4 a5 30. Bf6 h6 31. Kf3 Kh7 32. Ke2 Kg8 33. f4 Kh7 
34. Kf3 Bf8 35. Ke2 Bc5 36. Kd3 Bf8 37. Kc2 Bc5 38. Kd2 Bb4+ 39. Ke2 Bf8 
40. h5 gh5 41. gh5 Kg8 42. Kd3 Kh7 43. Ke4 Kg8 44. Bh4 Bc5 45. Kf3 Kh7 
46. Bf6 Bf8 47. Kg3 Kg8 48. Kg4 Bc5 49. f5 ef5+ 50. Kf4 Bf8 51. Qg2+ Kh7 
52. Qh3 Qe8 53. Qf5+ Kg8 54. Qg4+ Kh7 55. Qd1 Qe6 56. Qc2+ Kg8 57. Qg2+ Kh7 
58. Qd5 Bg7 59. Qe6 fe6 60. Bd8 
1-0

[Event "34th Chess Olympiad (men)"]
[Site "Istanbul"]
[Date "2000.10.28"]
[Round "1.40.3"]
[White "Boxal, Graham"]
[Black "Butnorius, Algimantas"]
[WhiteElo "2000"]
[BlackElo "2434"]
[WhiteCountry "JCI"]
[BlackCountry "LTU"]
[Result "1/2-1/2"]

1. d4 Nf6 2. Bg5 d5 3. Nf3 Nbd7 4. e3 e6 5. c4 Be7 6. Nc3 h6 7. Bf4 O-O 
8. Rc1 c6 9. Bd3 dxc4 10. Bxc4 b5 11. Bd3 Bb7 12. O-O a6 13. Ne4 c5 
14. Nxc5 Nxc5 15. dxc5 Rc8 16. b4 Bxf3 17. gxf3 Nd5 18. a3 Nxf4 19. exf4 Qc7 
20. Qe2 Qxf4 21. Qe4 Qg5+ 22. Kh1 g6 23. Rg1 Qf6 24. Rg2 
1/2-1/2

[Event "34th Chess Olympiad (men)"]
[Site "Istanbul"]
[Date "2000.10.28"]
[Round "1.41.3"]
[White "Mitkov, Marjan"]
[Black "Calangi, Zachary Alexander"]
[WhiteElo "2402"]
[BlackElo "2183"]
[WhiteCountry "FRM"]
[BlackCountry "MAC"]
[Result "1-0"]

1. d4 Nf6 2. c4 e6 3. Nf3 d5 4. Nc3 Be7 5. Bg5 Nbd7 6. e3 b6 7. Rc1 Bb7 
8. cxd5 Nxd5 9. Nxd5 Bxd5 10. Bxe7 Kxe7 11. Bb5 c5 12. O-O Rc8 13. Re1 Nf6 
14. Ne5 Qd6 15. Qa4 a5 16. Qa3 Rhd8 17. Ba6 Ra8 18. Bb5 Rac8 19. Red1 Bb7 
20. Nc4 Qd5 21. f3 Qg5 22. Nxb6 Bxf3 23. Nxc8+ Rxc8 24. Rd2 Ne4 25. Rdc2 Kf6 
26. Rf1 Kg6 27. Rxf3 Qd5 28. Bc4 Qh5 29. Bd3 f5 30. Bxe4 fxe4 31. Rg3+ Kf7 
32. Rf2+ Kg8 33. Qb3 Re8 34. Qb7 
1-0

[Event "34th Chess Olympiad (men)"]
[Site "Istanbul"]
[Date "2000.10.28"]
[Round "1.42.1"]
[White "Omolo, Keneth"]
[Black "Efimov, Igor"]
[WhiteElo "2053"]
[BlackElo "2520"]
[WhiteCountry "KEN"]
[BlackCountry "ITA"]
[Result "0-1"]

1. d4 Nf6 2. Nf3 e6 3. c4 a6 4. Bg5 c5 5. e3 cxd4 6. exd4 b6 7. Be2 Bb7 
8. O-O Be7 9. Nc3 h6 10. Bh4 d6 11. Rc1 Nbd7 12. Qc2 Rc8 13. Rfd1 Bxf3 
14. gxf3 Nh5 15. Bxe7 Qxe7 16. Kh1 O-O 17. Qd2 f5 18. b3 Qh4 19. Bf1 Ndf6 
20. Re1 Rce8 21. Nd1 Nh7 22. Rc3 Ng5 23. Rce3 Kh8 24. Qb4 Qxd4 25. Rd3 Qc5 
26. Qd2 e5 27. Bg2 Re6 28. Nc3 Nf4 29. Rde3 Rg6 30. Bf1 Nge6 31. Ne2 Nxe2 
32. Bxe2 Nf4 33. Rg1 
0-1

[Event "34th Chess Olympiad (men)"]
[Site "Istanbul"]
[Date "2000.10.28"]
[Round "1.42.2"]
[White "D'Amore, Carlo"]
[Black "Kanyingi, Joseph"]
[WhiteElo "2462"]
[BlackElo "2200"]
[WhiteCountry "ITA"]
[BlackCountry "KEN"]
[Result "1-0"]

1. Nf3 Nf6 2. g3 d5 3. Bg2 Bf5 4. b3 h6 5. Bb2 e6 6. d3 Nbd7 7. Nbd2 c6 
8. 0-0 Qc7 9. c4 Be7 10. e4 de4 11. de4 Bh7 12. Qe2 O-O 13. e5 Ne8 14. Ne4 Nc5 
15. Nc5 Bc5 16. Rad1 Rd8 17. Rd8 Qd8 18. Rd1 Qb6 19. Bc3 Kh8 20. Rd7 Bb4 
21. Bb4 Qb4 22. Qd2 Qb6 23. Re7 g5 24. h4 Ng7 25. hg5 Nf5 26. Rd7 Ng3 
27. gh6 Ne4 28. Qe3 c5 29. Ng5 Qc6 30. Rd1 f5 31. ef6 Rf6 
1-0